000 01391cam a22001934a 4500
005 20250605164143.0
008 250528s ||||||||||||||||||||||||d
035 _a19050
020 _a9604052284
040 _aGR-AtMCL
_bgre
_dGR-AtMCL
_eAACR2
245 1 _aΚοινοτική Εργασία / Θεωρία και Πράξη
260 _bΊων,
_c1990
300 _a290
520 _aΗ Κοινοτική Εργασία είναι μια συστηματική μέθοδος παρέμβασης για την επίλυση κοινωνικών προβλημάτων, κυρίως σε επίπεδο κοινότητας. Πίνακας Σχημάτων, Αρκτικόλεξα, Κοινοτική Εργασία: Μια Γενική Θεώρηση, Ιστορική Αναδρομή της Κοινοτικής Εργασίας, Θεωρητικό Υπόβαθρο της Κοινοτικής Εργασίας, Θεωρητικές Προσεγγίσεις για τη Μελέτη της Κοινότητας, Κοινωνική και Πολιτική Διάρθρωση της Κοινότητας, Πρότυπα Πρακτικής στην Κοινοτική Εργασία, Επίλογος, Βιβλιογραφία, Ευρετήριο Ονομάτων.
700 1 _aΣταθόπουλος Πέτρος Α
_95319
942 _cBK
999 _c4334
_d4334